Les 20 plus grands catcheurs de l'histoire de la WWE selon Catch-News - Statistiques

Statistiques générales
  • Ce quiz a été pris 628 fois
  • Le résultat moyen est 12 sur 20
Statistiques - réponses
Classement Catcheurs % Correct
4 John Cena
97%
7 Triple H
96%
6 The Undertaker
94%
15 Randy Orton
92%
2 Hulk Hogan
86%
5 Roman Reigns
82%
3 The Rock
82%
8 Shawn Michaels
79%
1 Stone Cold Steve Austin
72%
14 Edge
70%
17 CM Punk
62%
9 Bret Hart
54%
18 Chris Jericho
47%
20 (femme) Becky Lynch
45%
11 Randy Savage
41%
12 Kurt Angle
39%
10 Bruno Sammartino
33%
19 Mick Foley
23%
16 André Le Géant
17%
13 Roddy Piper
10%
Aucun quiz correspondant
Distribution des résultats
% des personnes avec chaque résultat
Percentile par nombre de réponses
Votre historique - résultats
Vous n’avez pas pris ce quiz